000 01262nam a22003257i 4500
999 _c171497
_d171497
003 PPAK
005 20190323165854.0
008 190310t2018 enkao||d |||| 000 1 eng d
020 _a9781474950893
_cRM 42.90
_qhardback
040 _aPPAK
_beng
_cPPAK
_erda
082 0 4 _223
_a598
090 0 0 _a598
_bONE
_dRK
245 1 0 _a199 Birds /
_cIllustrated by Mar Ferrero, Nikki Dyson ; Designed by Yasmin Faulkner ; Edited by Hannah Watson
246 3 3 _aOne hundred and ninety nine Birds
264 1 _aLondon :
_bUsborne Publishing Ltd ;
_c2018
264 4 _c ©2018
300 _a[16 pages.]
_bcolor illustrations, color photographs ;
_c26 cm.
336 _2rdacontent
_atext
337 _2rdamedia
_aunmediated
338 _2rdacarrier
_avolume
520 _aThis picture reference book contains exactly 199 images of birds with their name. An essential for spotting birds and learning about these wonderful creatures.
650 1 0 _aBirds
_vJuvenile literature.
_xPictorial works
650 2 0 _aVocabulary
_vJuvenile literature
_xPictorial works
655 _aBoard books.
700 1 0 _aFerrero, Mar
_eillustrator.
700 1 0 _aDyson, Nikki
_eillustrator.
700 1 0 _aFaulkner, Yasmin
_edesigner.
700 1 0 _aWatson, Hannah
_eeditor.
942 _2ddc
_cB